000 00785nam a2200241Ia 4500
003 OSt
005 20240807101522.0
008 210716s1999 xx 000 0 und d
020 _a9780875849119
040 _cAIMIT LIBRARY
041 _aeng
082 _a374.22
_21
_bTAPD
100 _aTapscott, Don.
_9175429
245 _aCreating value in the network economy /
_cEdited by Don Tapscott.
250 _a1st ed.
260 _aUSA :
_bHarvard Business Review Book ,
_c1999.
300 _axxvi,229p. ;
_bHB
_c25.1 cm
650 _aThe coming of knowledge based business
_9175430
650 _aStrategy and the new economics of information
_9175431
650 _aThe dawn of the e-lance economy
_9175432
700 _aTapscott, Don.
_9175429
942 _2ddc
_cBK
_e1st
_k374.22 TAPD
999 _c203220
_d203220